<?xml version="1.0" encoding="UTF-8"?>
<record
    xmlns:xsi="http://www.w3.org/2001/XMLSchema-instance"
    xsi:schemaLocation="http://www.loc.gov/MARC21/slim http://www.loc.gov/standards/marcxml/schema/MARC21slim.xsd"
    xmlns="http://www.loc.gov/MARC21/slim">

  <leader>02269cam a2200625   4500</leader>
  <controlfield tag="001">445165</controlfield>
  <controlfield tag="003">ItRFAO</controlfield>
  <controlfield tag="008">101126t2010    xxu|||||  ||| 00| 0     d</controlfield>
  <datafield tag="020" ind1=" " ind2=" ">
    <subfield code="a">978-92-5-406610-9</subfield>
  </datafield>
  <datafield tag="040" ind1=" " ind2=" ">
    <subfield code="a">ItRFAO</subfield>
    <subfield code="d">ItRFAO</subfield>
  </datafield>
  <datafield tag="084" ind1=" " ind2=" ">
    <subfield code="a">P238 ST23 RU.ED</subfield>
  </datafield>
  <datafield tag="110" ind1=" " ind2=" ">
    <subfield code="a">FAO, Rome (Italy). Economic and Social Dept.</subfield>
    <subfield code="l">eng</subfield>
    <subfield code="9">1371</subfield>
  </datafield>
  <datafield tag="242" ind1="0" ind2="4">
    <subfield code="a">The state of food insecurity in the world 2010</subfield>
  </datafield>
  <datafield tag="245" ind1="0" ind2="0">
    <subfield code="a">&#x41F;&#x43E;&#x43B;&#x43E;&#x436;&#x435;&#x43D;&#x438;&#x435; &#x434;&#x435;&#x43B; &#x432; &#x441;&#x432;&#x44F;&#x437;&#x438; &#x441; &#x43E;&#x442;&#x441;&#x443;&#x442;&#x441;&#x442;&#x432;&#x438;&#x435;&#x43C; &#x43F;&#x440;&#x43E;&#x434;&#x43E;&#x432;&#x43E;&#x43B;&#x44C;&#x441;&#x442;&#x432;&#x435;&#x43D;&#x43D;&#x43E;&#x439; &#x431;&#x435;&#x437;&#x43E;&#x43F;&#x430;&#x441;&#x43D;&#x43E;&#x441;&#x442;&#x438; &#x432; &#x43C;&#x438;&#x440;&#x435;, 2010 &#x433;&#x43E;&#x434; </subfield>
  </datafield>
  <datafield tag="246" ind1="3" ind2="5">
    <subfield code="a">Addressing food insecurity in protracted crises</subfield>
  </datafield>
  <datafield tag="260" ind1=" " ind2=" ">
    <subfield code="a">Rome (Italy)</subfield>
    <subfield code="b">FAO</subfield>
    <subfield code="c">2010</subfield>
  </datafield>
  <datafield tag="300" ind1=" " ind2=" ">
    <subfield code="a">68 p.</subfield>
    <subfield code="b">diagrs., tables</subfield>
  </datafield>
  <datafield tag="546" ind1=" " ind2=" ">
    <subfield code="a">Russian</subfield>
  </datafield>
  <datafield tag="650" ind1="1" ind2="7">
    <subfield code="2">agrovoc</subfield>
    <subfield code="a">FOOD SECURITY</subfield>
  </datafield>
  <datafield tag="650" ind1="1" ind2="7">
    <subfield code="2">agrovoc</subfield>
    <subfield code="a">AGRICULTURAL PRODUCTS</subfield>
    <subfield code="9">1373</subfield>
  </datafield>
  <datafield tag="650" ind1="1" ind2="7">
    <subfield code="2">agrovoc</subfield>
    <subfield code="a">PRICES</subfield>
    <subfield code="9">1374</subfield>
  </datafield>
  <datafield tag="650" ind1="1" ind2="7">
    <subfield code="2">agrovoc</subfield>
    <subfield code="a">FOOD SUPPLY</subfield>
    <subfield code="9">1375</subfield>
  </datafield>
  <datafield tag="650" ind1="1" ind2="7">
    <subfield code="2">agrovoc</subfield>
    <subfield code="a">MALNUTRITION</subfield>
  </datafield>
  <datafield tag="650" ind1="1" ind2="7">
    <subfield code="2">agrovoc</subfield>
    <subfield code="a">POVERTY</subfield>
  </datafield>
  <datafield tag="650" ind1="2" ind2="7">
    <subfield code="2">agrovoc</subfield>
    <subfield code="a">STATISTICAL DATA</subfield>
    <subfield code="9">1378</subfield>
  </datafield>
  <datafield tag="650" ind1="2" ind2="7">
    <subfield code="2">agrovocf</subfield>
    <subfield code="a">DONNEE STATISTIQUE</subfield>
    <subfield code="9">1379</subfield>
  </datafield>
  <datafield tag="650" ind1="1" ind2="7">
    <subfield code="2">agrovocf</subfield>
    <subfield code="a">SECURITE ALIMENTAIRE</subfield>
  </datafield>
  <datafield tag="650" ind1="1" ind2="7">
    <subfield code="2">agrovocf</subfield>
    <subfield code="a">PRODUIT AGRICOLE</subfield>
    <subfield code="9">1381</subfield>
  </datafield>
  <datafield tag="650" ind1="1" ind2="7">
    <subfield code="2">agrovocf</subfield>
    <subfield code="a">PRIX</subfield>
    <subfield code="9">1382</subfield>
  </datafield>
  <datafield tag="650" ind1="1" ind2="7">
    <subfield code="2">agrovocf</subfield>
    <subfield code="a">DISPONIBILITE ALIMENTAIRE</subfield>
    <subfield code="9">1383</subfield>
  </datafield>
  <datafield tag="650" ind1="1" ind2="7">
    <subfield code="2">agrovocf</subfield>
    <subfield code="a">MALNUTRITION</subfield>
  </datafield>
  <datafield tag="650" ind1="1" ind2="7">
    <subfield code="2">agrovocf</subfield>
    <subfield code="a">PAUVRETE</subfield>
  </datafield>
  <datafield tag="650" ind1="2" ind2="7">
    <subfield code="2">agrovocs</subfield>
    <subfield code="a">DATOS ESTADISTICOS</subfield>
    <subfield code="9">1386</subfield>
  </datafield>
  <datafield tag="650" ind1="1" ind2="7">
    <subfield code="2">agrovocs</subfield>
    <subfield code="a">SEGURIDAD ALIMENTARIA</subfield>
  </datafield>
  <datafield tag="650" ind1="1" ind2="7">
    <subfield code="2">agrovocs</subfield>
    <subfield code="a">PRODUCTOS AGRICOLAS</subfield>
    <subfield code="9">1388</subfield>
  </datafield>
  <datafield tag="650" ind1="1" ind2="7">
    <subfield code="2">agrovocs</subfield>
    <subfield code="a">PRECIOS</subfield>
    <subfield code="9">1389</subfield>
  </datafield>
  <datafield tag="650" ind1="1" ind2="7">
    <subfield code="2">agrovocs</subfield>
    <subfield code="a">SUMINISTRO DE ALIMENTOS</subfield>
    <subfield code="9">1390</subfield>
  </datafield>
  <datafield tag="650" ind1="1" ind2="7">
    <subfield code="2">agrovocs</subfield>
    <subfield code="a">MALNUTRICION</subfield>
    <subfield code="9">1391</subfield>
  </datafield>
  <datafield tag="650" ind1="1" ind2="7">
    <subfield code="2">agrovocs</subfield>
    <subfield code="a">POBREZA</subfield>
  </datafield>
  <datafield tag="690" ind1=" " ind2="7">
    <subfield code="2">agrissce</subfield>
    <subfield code="a">E10-Agricultural economics and policies</subfield>
  </datafield>
  <datafield tag="690" ind1=" " ind2="7">
    <subfield code="2">agrissce</subfield>
    <subfield code="a">E70-Trade, marketing and distribution</subfield>
  </datafield>
  <datafield tag="690" ind1=" " ind2="7">
    <subfield code="2">agrissce</subfield>
    <subfield code="a">S30-Diet and diet-related diseases</subfield>
  </datafield>
  <datafield tag="710" ind1=" " ind2=" ">
    <subfield code="a">World Food Programme, Rome (Italy)</subfield>
    <subfield code="l">eng</subfield>
    <subfield code="9">1393</subfield>
  </datafield>
  <datafield tag="775" ind1=" " ind2=" ">
    <subfield code="e">eng</subfield>
    <subfield code="o">445155</subfield>
  </datafield>
  <datafield tag="775" ind1=" " ind2=" ">
    <subfield code="e">fre</subfield>
    <subfield code="o">445157</subfield>
  </datafield>
  <datafield tag="775" ind1=" " ind2=" ">
    <subfield code="e">spa</subfield>
    <subfield code="o">445159</subfield>
  </datafield>
  <datafield tag="775" ind1=" " ind2=" ">
    <subfield code="e">ara</subfield>
    <subfield code="o">445161</subfield>
  </datafield>
  <datafield tag="775" ind1=" " ind2=" ">
    <subfield code="e">chi</subfield>
    <subfield code="o">445163</subfield>
  </datafield>
  <datafield tag="830" ind1=" " ind2=" ">
    <subfield code="l">eng</subfield>
    <subfield code="v">2010</subfield>
    <subfield code="a">State of Food Insecurity in the World (FAO)</subfield>
  </datafield>
  <datafield tag="856" ind1=" " ind2=" ">
    <subfield code="u">http://www.fao.org/docrep/013/i1683r/i1683r00.htm</subfield>
  </datafield>
  <datafield tag="942" ind1=" " ind2=" ">
    <subfield code="n">0</subfield>
    <subfield code="2">ddc</subfield>
    <subfield code="c">BK</subfield>
  </datafield>
  <datafield tag="999" ind1=" " ind2=" ">
    <subfield code="c">249</subfield>
    <subfield code="d">249</subfield>
  </datafield>
  <datafield tag="952" ind1=" " ind2=" ">
    <subfield code="0">0</subfield>
    <subfield code="1">0</subfield>
    <subfield code="4">0</subfield>
    <subfield code="7">0</subfield>
    <subfield code="8">REF</subfield>
    <subfield code="a">CPL</subfield>
    <subfield code="b">CPL</subfield>
    <subfield code="c">GEN</subfield>
    <subfield code="d">2014-09-04</subfield>
    <subfield code="p">39999000010855</subfield>
    <subfield code="r">2014-09-04 00:00:00</subfield>
    <subfield code="w">2014-09-04</subfield>
    <subfield code="y">BK</subfield>
  </datafield>
</record>
